000 01213nam0a22002531 4500
001 rc\2178929
005 20260407130951.0
035 _a(NLR Aleph) 006607874
090 _a7317461
_c7317461
100 _a20110829d1979 |||y0rusy50 ca
101 0 _arus
102 _aRU
105 _aa z |||||
200 1 _aИнструкция по применению комплексных противоморозных добавок в цементных растворах при безобогревном монтаже сборных железобетонных конструкций жилых и общественных зданий ВСН-159-79
_fГлавмосстрой
210 _aМосква
_cМосоргстрой
_d1979
215 _a30 с.
_cил.
_d20
300 _aВ надзаг.: ... Техн. упр.
712 0 2 _aМосковское главное управление по жилищному и гражданскому строительству
_bТехническое управление
_3RU\NLR\AUTH\889980105
_9456499
801 0 _aRU
_bNLR
_gpsbo
801 1 _aRU
_bELAR
_2rusmarc
852 _aNLR
_jПт 80/117-159-79
899 _aRuMoRGB
_jM 79-21/757
942 _cBOOK
980 _aNB